<?xml version="1.0" encoding="UTF-8"?>
<resp>
  <nextPage>https://data.bn.org.pl/api/networks/bibs.marcxml?marc=001+b00001150002821&amp;sinceId=1150002822</nextPage>
  <collection>
    <record xmlns='http://www.loc.gov/MARC21/slim'><leader>01997namZa2200505ZiZ4500</leader><controlfield tag='001'>b00001150002821</controlfield><controlfield tag='005'>20260401103609.3</controlfield><controlfield tag='008'>230609s        pl           |000 0 pol c</controlfield><controlfield tag='009'>9913261485505606</controlfield><datafield ind1=' ' ind2=' ' tag='020'><subfield code='a'>8388520016 (całość)</subfield></datafield><datafield ind1=' ' ind2=' ' tag='020'><subfield code='a'>8388520113 (t. 5 cz. 1)</subfield></datafield><datafield ind1=' ' ind2=' ' tag='035'><subfield code='a'>KR_1KR_1_20120317224927079240-48omnis_kr</subfield></datafield><datafield ind1=' ' ind2=' ' tag='035'><subfield code='a'>KR_1_20120317224927079240</subfield><subfield code='9'>ExL</subfield></datafield><datafield ind1=' ' ind2=' ' tag='035'><subfield code='a'>(PL)b00001150002821</subfield></datafield><datafield ind1=' ' ind2=' ' tag='040'><subfield code='a'>KR_1</subfield><subfield code='c'>KR_1</subfield><subfield code='d'>WA N</subfield></datafield><datafield ind1='0' ind2=' ' tag='041'><subfield code='a'>pol</subfield></datafield><datafield ind1='0' ind2='0' tag='245'><subfield code='a'>Romantyzm.</subfield><subfield code='n'>Cz. 1 /</subfield><subfield code='c'>[aut. Józef Bachórz i in. ; red. Anna Skoczek].</subfield></datafield><datafield ind1=' ' ind2=' ' tag='260'><subfield code='a'>Bochnia [i in.] :</subfield><subfield code='b'>Wydaw. SMS,</subfield><subfield code='c'>[2007].</subfield></datafield><datafield ind1=' ' ind2=' ' tag='300'><subfield code='a'>350 s. :</subfield><subfield code='b'>il. kolor. ;</subfield><subfield code='c'>25 cm.</subfield></datafield><datafield ind1='1' ind2=' ' tag='490'><subfield code='a'>Historia Literatury Polskiej ;</subfield><subfield code='v'>t. 5 cz. 1</subfield></datafield><datafield ind1=' ' ind2=' ' tag='500'><subfield code='a'>n</subfield></datafield><datafield ind1=' ' ind2='9' tag='650'><subfield code='a'>Literatura polska</subfield><subfield code='x'>historia</subfield><subfield code='y'>19 w.</subfield></datafield><datafield ind1=' ' ind2='9' tag='650'><subfield code='a'>Romantyzm</subfield><subfield code='x'>literatura polska</subfield></datafield><datafield ind1=' ' ind2='0' tag='650'><subfield code='a'>Polish literature</subfield><subfield code='x'>History and criticism</subfield></datafield><datafield ind1='1' ind2=' ' tag='700'><subfield code='a'>Bachórz, Józef.</subfield></datafield><datafield ind1='1' ind2=' ' tag='700'><subfield code='a'>Skoczek, Anna</subfield><subfield code='e'>Red.</subfield></datafield><datafield ind1=' ' ind2=' ' tag='852'><subfield code='8'>221025691390008831</subfield><subfield code='j'>1</subfield><subfield code='h'>PG7012 .H49 2002 t.5 cz.1</subfield><subfield code='b'>5100-BUW</subfield><subfield code='p'>1000503272</subfield><subfield code='c'>10002</subfield><subfield code='z'>PG7012 .H49 2002 t.5 cz.1,</subfield></datafield><datafield ind1=' ' ind2=' ' tag='852'><subfield code='8'>221025691360008831</subfield><subfield code='j'>1</subfield><subfield code='b'>3400-SNS</subfield><subfield code='p'>1079010789</subfield><subfield code='c'>610000</subfield></datafield><datafield ind1=' ' ind2=' ' tag='852'><subfield code='8'>221025691390008831</subfield><subfield code='j'>1</subfield><subfield code='h'>PG7012 .H49 2002 t.5 cz.1</subfield><subfield code='b'>5100-BUW</subfield><subfield code='p'>1000386794</subfield><subfield code='c'>10002</subfield><subfield code='z'>PG7012 .H49 2002 t.5 cz.1,</subfield></datafield><datafield ind1=' ' ind2=' ' tag='852'><subfield code='8'>22840876390008833</subfield><subfield code='j'>1</subfield><subfield code='b'>BG</subfield><subfield code='p'>1060046659</subfield><subfield code='c'>BG-WOLNY_D</subfield></datafield><datafield ind1=' ' ind2=' ' tag='852'><subfield code='8'>22849127470008343</subfield><subfield code='j'>1</subfield><subfield code='b'>BHUM</subfield><subfield code='p'>1100466142</subfield><subfield code='c'>60001</subfield><subfield code='z'>L.15.5.1.0 | Historia</subfield></datafield><datafield ind1=' ' ind2=' ' tag='852'><subfield code='8'>22849127450008343</subfield><subfield code='j'>1</subfield><subfield code='b'>BG</subfield><subfield code='p'>1100171181</subfield><subfield code='c'>90006</subfield><subfield code='z'>L.15.5.1.0 Romantyzm</subfield></datafield><datafield ind1=' ' ind2=' ' tag='852'><subfield code='8'>22739583780008413</subfield><subfield code='j'>1</subfield><subfield code='b'>001CZ</subfield><subfield code='p'>00101-002015982</subfield><subfield code='c'>CZ</subfield></datafield><datafield ind1=' ' ind2=' ' tag='852'><subfield code='b'>48OMNIS_UOW</subfield><subfield code='8'>991010543739708831</subfield></datafield><datafield ind1=' ' ind2=' ' tag='852'><subfield code='b'>48OMNIS_PUJP</subfield><subfield code='8'>991001355709708833</subfield></datafield><datafield ind1=' ' ind2=' ' tag='852'><subfield code='b'>48FAR_UGD</subfield><subfield code='8'>991004027799708343</subfield></datafield><datafield ind1=' ' ind2=' ' tag='852'><subfield code='b'>48OMNIS_BOL</subfield><subfield code='8'>990005378880308413</subfield></datafield><datafield ind1=' ' ind2=' ' tag='852'><subfield code='b'>48OMNIS_NETWORK</subfield><subfield code='8'>9913261485505606</subfield></datafield><datafield ind1=' ' ind2=' ' tag='920'><subfield code='a'>83-88520-01-6 (całość)</subfield></datafield><datafield ind1=' ' ind2=' ' tag='920'><subfield code='a'>83-88520-11-3 (t. 5. cz.1)</subfield></datafield></record>
  </collection>
</resp>
